000 00882nas a2200313 4500
001 BR0303025
003 BR-BrBNA
005 20231205103901.0
007 ta
008 230509b bl.|||p| |||| 00| 00por d
040 _aBR-BrBNA
_bpor
_cBiblioteca Nacional de Agricultura
041 _a(Pt)
072 _aL70
100 1 _aBeck, C.A. de C.
100 1 _aPippi, N.L.
100 1 _aBrun, M.V.
100 1 _aLeme, M.C.
100 1 _aContesini, E.A.
100 1 _aStedile, R.
245 1 _aCriptorquidectomia em coelhos: modelo experimental para tratamento laparoscópico
650 _aCOELHO
650 _aTESTÍCULO
650 _aCIRURGIA
650 _aLAPAROSCOPIA
650 _aMÉTODO
773 0 _tCiência Rural (Brazil)
_xISSN 0103-8478
_g(Mar-Apr 2003), v. 33(2) p. 331-337
_wBR0303025
909 _a202311
_bLúcia
_c55
_dLúcia Elande
942 _2AGRIS
_n0
_cANA
999 _c175245
_d175245